000 01359cam a2200349 i 4500
001 42270
003 Mx-PuUPA
005 20240410103821.0
008 140415s1973 mx gr 000 0 spa d
040 _aMx-PuUPA
_bspa
_cMx-PuUPA
_dMx-PuUPA
_erda
041 1 _aspa
_heng
100 1 _aAshton, T. S.,
_q(Thomas Southcliffe)
_d1889-1968
_915376
240 1 4 _aThe industrial revolution.
_lEspañol
245 1 3 _aLa revolución industrial :
_b1760-1830 /
_cT. S. Ashton ; traducción de Francisco Cuevas Cancino
250 _aSegunda edición
264 1 _aMéxico, D. F. :
_bFondo de Cultura Económica,
_c©1973
300 _a195 páginas ;
_c18 cm
336 _2rdacontent
_atexto
_btxt
337 _2rdamedia
_asin medio
_bn
338 _2rdacarrier
_avolumen
_bnc
490 0 _aBreviarios del Fondo de Cultura Económica ;
_v25
545 1 _aReimpresiones: (Sexta, 1975).
650 7 _2armarc
_aRevolución industrial
_zGran Bretaña
651 4 _aGran Bretaña
_xCondiciones económicas
_y1760-1860
700 1 _aCuevas Cancino, Francisco,
_etraductor
765 0 8 _aAshton, T. S., (Thomas Southcliffe) 1889-1968
_tThe industrial revolution.
942 _2ddc
_cLI
_h330.942
_iA815
999 _c42270
_d42270